MDQL
is popping MORE tags! Check the
thread
!
Quizzes
Events
Quiz Creation
Community
Videos
Private Events
Remove Ads
Sign In
Join for FREE
Feedback
Dark Mode
Quiz Categories
Sports
Geography
Music
Movies
Television
Just For Fun
Miscellaneous
History
Literature
Language
Science
Gaming
Entertainment
Religion
Holiday
For Kids
Quiz Lab
Recent
Popular Today
Quiz Kudos Today
Editor Picks
Curator Picks
Quizzes by...
Day
Popularity
Type
Ratings
Length
Year
Community
Subscriptions
Recent Discussions
Orange Saloon
Badges
Playlists
Quests
Create
Leaderboards
Showdown
Live 5
Trivia Bingo
Activity
Puzzle Library
Sporcle Events
Private Events
Virtual Trivia
Globe League
Become a Host
Pub Owners
SporcleCon
Opinionation
Our Games
Videos
Blog
Mobile Apps
Partnerships
Remove Ads and Go Orange
Feedback
Language
Vocabulary
Begins and Ends
Definition
Spanish
French
German
Italian
Chinese
Latin
Translation
Japanese
Language
Vocabulary
Begins and Ends
Definition
Spanish
French
German
Italian
Chinese
Latin
Translation
Japanese
Random Quiz
Search Sporcle
×
Quiz Lab
Quiz Lab
Language
Spanish
Type in answers that appear in a list
Type in answers that appear in a list
Classic
Best Score? Go Orange.
Español 4 Cap1 Stats
Choose the spanish equivalent
By
kmmarcos
10m
52 Questions
30 Plays
30 Plays
30 Plays
Comments
Comments
Give Quiz Kudos
Give Quiz Kudos
-
- Ratings
hide this ad
Random Order
Randomize order of answers
Randomize order of answers
Replay
Link that replays current quiz
Next Quiz
Link to next quiz in quiz playlist
You Got
0%
They Got
Avg Score
27%
Avg Friend Score
Upgrade to see
Score Distribution
Jump to the score distribution portion of the page
Score
0/52
Timer
10:00
0
Plays Today
English
Espanol
% Correct
secure
seguro
53.3%
to feel
sentir
43.3%
jealousy
celos
43.3%
worried
preocupado
43.3%
date
cita
40%
to break
romper
36.7%
relationship
relacion
36.7%
share
compartir
33.3%
desire
deseo
33.3%
friendship
amistad
33.3%
to fall in love
enamorarse
33.3%
insincere or false
falso
33.3%
mature
maduro
33.3%
immature
inmaduro
33.3%
marriage
matrimonio
30%
to go out
salir
30%
to trust
confiar
30%
risk
riesgo
30%
to hate
odiar
30%
to get angry
enojarse
30%
jealous
celoso
30%
to get married
casarse
30%
married
casado
30%
shy
timido
30%
calm
tranquilo
30%
separated
separado
30%
English
Espanol
% Correct
to deserve
merecer
26.7%
couple
pareja
26.7%
divorce
divorcio
26.7%
anxious
ansioso
26.7%
angry
enojado
26.7%
single
soltero
26.7%
lying or liar
mentiroso
26.7%
proud
orgulloso
26.7%
sensitive
sensible
26.7%
gossip
chisme
23.3%
depressed
deprimido
23.3%
widowed
viudo
23.3%
funny
gracioso
23.3%
unforgettable
inolvidable
23.3%
engagement
compromiso
20%
flirt
coquetear
20%
excited
emocionado
20%
careful
cuidadoso
20%
insecure
inseguro
20%
argue
discutir
16.7%
stormy
tempestuoso
16.7%
spirit or mood
animo
16.7%
upset
disgustado
10%
fleeting
pasajero
10%
wonderful
genial
10%
overwhelmed
agobiado
6.7%
Quiz Playlist
Details
Report
Send in Message
Add To Playlist
Classic:
Type in answers that appear in a list
Random Order:
Randomize order of answers
Last Updated: Feb 16, 2017
Quiz Scoreboard
CHALLENGE
Sign Up to Join the Scoreboard
Show All
Scores
Hide
Comments
May contain spoilers
Recently Published
Find the 'City' Movie
by crazypaving
Movies
60s
5x2 Blitz: Bands
by SL_Kpop136
Music
30s
Colored Red Africa Blitz
by spor1
Geography
30s
More to Explore
Quiz From the Vault
Featured Blog Post
14 Easter Pick-up Lines to Find Eggs With
hide this ad
You Might Also Like...
Tags
Spanish Quiz
Equivalent
Español
Today's Top Quizzes in Language
Browse Language
hide this ad
Today's Top Quizzes in Spanish
Browse Spanish
Top Contributed Quizzes in Language
1
1-10 Letter F Words III
2
1-10 Letter G Words III
3
1-10 Letter H Words III
4
1-10 Letter I Words III
5
1-10 Letter K Words III
6
1-10 Letter L Words III
7
1-10 Letter M Words III
8
1-10 Letter J Words III
9
1-10 Letter N Words III
10
Greek Alphabet Match
Explore More
Trending Topics
Disney
Anime
Crossword
NBA
Marvel
Harry Potter
Kpop
Pokémon
Country
Soccer
Song
NFL
Puzzle
The Office
WWE
hide this ad
More By:
kmmarcos
Quiz
Plays
Rating
Category
Featured
Created
Realidades 3 AVSR cap1
77
Language
Sep 22, 2013
Carreras vocab de la tienda
76
Language
Sep 24, 2013
Español 4 Cap1
30
Language
Sep 21, 2013
Go to Creator's Profile
Score Distribution
Quiz Creator Spotlight
kmmarcos
Follow
Send a Message
Quizzes Created
-
Created Quiz Play Count
-
More By This Creator
Popular Quizzes Today
1
Find the 'City' Movie
2
Colored Red Africa Blitz
3
5x2 Blitz: Bands
4
Find the US States - No Outlines Minefield
5
The Countries of the World
6
Find the US States
7
US States
8
9x9 Crossword: Cartoon Network
More Language Quizzes
Words Un'LEASH'ed
Published
Trending Quizzes
Colored Red Europe Blitz I
Colored Red Africa Blitz II
Colored Red Europe Blitz II
Colored Red Europe Blitz III
Colored Red Africa Blitz III
Recently Updated
Famous TV Couples
Peacemaker
Champions League XIs: Real Madrid
pecheneg
Largest US Cities 1790-2010
pecheneg
Rides in Walt Disney World
pecheneg
Most Oscar Losses (Acting)
pecheneg
Beyoncé Albums
pecheneg
Leaping Animals
pecheneg
Reality TV Shows (A-Z)
bhenderson79
Rickey Henderson's Hall of Fame Teammates
pecheneg
Champions League XIs: Arsenal
pecheneg
Trending Topics
Crossword
NBA
Anime
Kpop
Harry Potter
Marvel
Disney
Song
Soccer
The Office
NFL
Country
Pokémon
Puzzle
WWE
Your Account Isn't Verified!
In order to create a playlist on Sporcle, you need to verify the email address you used during registration. Go to your
Sporcle Settings
to finish the process.
Report this User
Report this user for behavior that violates our
Community Guidelines
.
Details:
Send Report
Go to the Sporcle.com Mobile Site →
Comments